000 00740nam a2200253Ia 4500
003 OSt
005 20220925204537.0
006 a|||||r|||| 00| 0
007 ta
008 220923b |||||||| |||| 00| 0 eng d
020 _a3525112319
037 _cGeneral Book
040 _aRTL
_cRTL
_beng
041 _2eng
_aeng
082 _aB285, L5
100 _aAfriat Sydney
_9268709
245 0 _aStudies in correlation
_b Multivariate analysis and econometrics
260 _aGouttingen
_bVandenhoeck and Ruprecht
_c1975
300 _a149p.
_ccm.
490 _aApplied Statistics and Econometrices
500 _aBibliography P 142-49
942 _hB285, L5
_cGB
_2CC
999 _c549688
_d549688